LEADER 03889oam 2200649I 450 001 9910463142503321 005 20200520144314.0 010 $a0-203-10302-5 010 $a1-136-24278-3 024 7 $a10.4324/9780203103029 035 $a(CKB)2670000000353803 035 $a(EBL)1181068 035 $a(SSID)ssj0000871414 035 $a(PQKBManifestationID)12352526 035 $a(PQKBTitleCode)TC0000871414 035 $a(PQKBWorkID)10823435 035 $a(PQKB)10106527 035 $a(OCoLC)845446131 035 $a(MiAaPQ)EBC1181068 035 $a(Au-PeEL)EBL1181068 035 $a(CaPaEBR)ebr10691736 035 $a(CaONFJC)MIL485211 035 $a(OCoLC)845254086 035 $a(OCoLC)841809501 035 $a(EXLCZ)992670000000353803 100 $a20180706d2013 uy 0 101 0 $aeng 135 $aur|n|---||||| 181 $ctxt 182 $cc 183 $acr 200 00$aElectronically monitored punishment $einternational and critical perspectives /$fedited by Mike Nellis, Kristel Beyens and Dan Kaminski 205 $aFirst edition. 210 1$aAbingdon, Oxon :$cRoutledge,$d2013. 215 $a1 online resource (305 p.) 300 $aDescription based upon print version of record. 311 $a0-415-62595-5 311 $a1-84392-273-8 320 $aIncludes bibliographical references and index. 327 $aCover; Title; Copyright; Contents; List of illustrations; Notes on contributors; Acknowledgements; Introduction: making sense of electronic monitoring; Part I National experiences; 1 The limits of techno-utopianism: electronic monitoring in the United States of America; 2 The evolution of electronic monitoring in Canada: from corrections to sentencing and beyond; 3 'Parallel tracks': probation and electronic monitoring in England, Wales and Scotland; 4 Extending the electronic net in Australia and New Zealand: developments in electronic monitoring down-under 327 $a5 From voice verification to GPS tracking: the development of electronic monitoring in South Korea6 High level of support and high level of control: an efficient Swedish model of electronic monitoring?; 7 From tagging to tracking: beginnings and development of electronic monitoring in France; 8 Is the sky the limit? Eagerness for electronic monitoring in Belgium; 9 Bars in your head: electronic monitoring in the Netherlands; Part II Debates; 10 Surveillance, stigma and spatial constraint: the ethical challenges of electronic monitoring 327 $a11 Commercial crime control and the development of electronically monitored punishment: a global perspective12 Insiders' views: offenders' and staff 's experiences of electronically monitored curfews; 13 Evaluative research on electronic monitoring; Index 330 $aElectronic monitoring (EM) is a way of supervising offenders in the community whilst they are on bail, serving a community sentence or after release from prison. Various technologies can be used, including voice verification, GPS satellite tracking and - most commonly - the use of radio frequency to monitor house arrest. It originated in the USA in the 1980s and has spread to over 30 countries since then. This book explores the development of EM in a number of countries to give some indication of the diverse ways it has been utilized and of the complex politics which surrounds its us 606 $aElectronic monitoring of parolees and probationers 608 $aElectronic books. 615 0$aElectronic monitoring of parolees and probationers. 676 $a364.6/8 701 $aBeyens$b Kristel$0895569 701 $aKaminski$b Dan$0595937 701 $aNellis$b Mike$0895570 801 0$bMiAaPQ 801 1$bMiAaPQ 801 2$bMiAaPQ 906 $aBOOK 912 $a9910463142503321 996 $aElectronically monitored punishment$92000687 997 $aUNINA LEADER 01383nam 2200385Ia 450 001 9910699378003321 005 20230902162200.0 035 $a(CKB)5470000002402133 035 $a(OCoLC)499109706 035 $a(EXLCZ)995470000002402133 100 $a20100115d2006 ua 0 101 0 $aeng 135 $auran||||||||| 181 $ctxt$2rdacontent 182 $cc$2rdamedia 183 $acr$2rdacarrier 200 00$aGuidance for industry$b[electronic resource] $elabeling for human prescription drug and biological products, implementing the new content and format requirements 210 1$aRockville, MD :$cU.S. Dept. of Health and Human Services, Food and Drug Administration, Center for Drug Evaluation and Research :$cCenter for Biologics Evaluation and Research,$d[2006] 215 $a1 online resource (27 pages) 300 $a"Draft guidance." 300 $a"Labeling." 300 $a"January 2006." 517 $aGuidance for industry 606 $aDrugs$xLabeling 606 $aBiologicals$xLabeling 615 0$aDrugs$xLabeling. 615 0$aBiologicals$xLabeling. 712 02$aCenter for Drug Evaluation and Research (U.S.) 712 02$aCenter for Biologics Evaluation and Research (U.S.) 801 0$bGPO 801 1$bGPO 906 $aBOOK 912 $a9910699378003321 996 $aGuidance for industry$93434577 997 $aUNINA